000 01499nam a22003377a 4500
003 CHAP
005 20220817044455.0
008 110819s1973 mx a r 00010 spa d
010 _a101889
011 _a102861
035 _a113550
040 _cCHAP
082 0 4 _a338.9
_bM98
110 2 _aMéxico. Secretaría de Recursos Hidráulicos. Dirección General de Agua Potable y Alcantarillados
_977218
245 1 0 _aEstudio socioeconómico para definir políticas de inversión de la Secretaría de Recursos Hidráulicos en obras de agua potable y alcantarillados
_c/por Dirección General de Agua Potable y Alcantarillado
260 _a[México] :
_bSRH,
_c[1973]-
300 _av. :
_bilus.
500 _aLa biblioteca tiene : v.1 Determinación del grado de desarrollo relativo de las entidades federativas de la República Mexicana (Folleto 18061). -- v.3 Correlación entre los municipios y las entidades federativas segun su grado de desarrollo
590 _aBATCH-UPD
_b10
_c20130110
_lUCH01
_h1029
590 _aBATCH-UPD
_b10
_c20130410
_lUCH01
_h0632
590 _aBATCH-UPD
_b10
_c20130914
_lUCH01
_h0307
590 _aCONVERSION
_b10
_c20130109
_lUCH01
_h1356
650 1 4 _aAgua
_xAbastecimiento.
_92223
650 1 4 _aDesarrollo económico.
650 1 4 _aFinanzas.
_940930
650 1 4 _aIndicadores económicos.
_957564
650 1 4 _aIndicadores sociales.
_957565
901 _aBK
942 _cLIBRO
949 _a338.9 M98
_bBC
_cC
_d33724002301900
_eC
_fv.3
_gDonaciØn
_h115662
_i113550
_sb
999 _c101889
_d101889